000 00384cam a22001097a 4500
008 180718b1983 xxu||||| |||| 00| 0 eng d
082 _aY26x5433 P969ev
245 _aGobar gas plants in Punjab : an evaluation
_cby Economic Adviser to Government, Punjab
260 _aChandigarh
_bEconomic Adviser to Government
_c1983
300 _a69+p.
700 _aPunjab.Economic Adviser to Government
999 _c499639
_d499639